[Event "FIDE Womens Grand Swiss 2021"]
[Site "Riga"]
[Date "2021.11.03"]
[Round "7.9"]
[White "Badelka, Olga"]
[Black "Osmak, Iulija"]
[Result "1-0"]
[WhiteElo "2438"]
[BlackElo "2423"]
[Annotator "NA"]
[PlyCount "91"]
[EventDate "2021.10.27"]
[EventType "swiss"]
[EventCountry "LAT"]
[Tiebreak "Cut1 Buchholz+Sonneborn-Berger (Swiss)"]
[SourceTitle "playchess.com"]
[Source "ChessBase"]
[SourceQuality "1"]
[TimeControl "40/6000+30:20/3000+30:900+30"]

1. e4 {[%emt 0:10:03]} e6 {[%emt 0:16:50]} 2. d4 {[%emt 0:00:08]} d5 {[%emt 0:
00:06]} 3. Nc3 {[%emt 0:00:07]} Nf6 {[%emt 0:00:15]} 4. e5 {[%emt 0:00:11]}
Nfd7 {[%emt 0:00:04]} 5. f4 {[%emt 0:00:06]} c5 {[%emt 0:00:03]} 6. Nf3 {
[%emt 0:00:15]} Nc6 {[%emt 0:01:34]} 7. Be3 {[%emt 0:00:13]} Qb6 {[%emt 0:04:
54]} 8. Na4 {[%emt 0:13:34]} Qc7 {[%emt 0:02:20]} 9. c3 {[%emt 0:11:15]} c4 {
[%emt 0:18:41]} 10. b4 {[%emt 0:00:38]} a5 {[%emt 0:06:25]} 11. a3 {[%emt 0:03:
19]} Be7 {[%emt 0:01:40]} 12. Be2 {[%emt 0:00:59]} O-O {[%emt 0:01:17]} 13. O-O
{[%emt 0:00:36]} b5 {[%emt 0:08:20]} 14. Nc5 {[%emt 0:00:23]} Nxc5 {[%emt 0:00:
24]} 15. dxc5 {[%emt 0:03:47]} f6 {[%emt 0:07:15]} 16. exf6 {[%emt 0:22:25]}
Bxf6 $11 {[%emt 0:02:02]} 17. Rc1 {[%emt 0:00:33]} axb4 {[%emt 0:04:43]} 18.
axb4 {[%emt 0:00:04]} Ra2 {[%emt 0:02:09]} 19. Rf2 {[%emt 0:07:43]} Ne7 {
[%emt 0:11:42]} 20. Rc2 {[%emt 0:16:10]} Rxc2 {[%emt 0:06:48]} 21. Qxc2 {
[%emt 0:00:04]} Bd7 {[%emt 0:00:20]} 22. Qd2 {[%emt 0:02:39]} Nf5 {[%emt 0:02:
20]} 23. g4 {[%emt 0:01:41]} Nxe3 24. Qxe3 {[%emt 0:00:01]} g6 {[%emt 0:08:15]}
25. Bf1 {[%emt 0:00:35]} Bg7 {[%emt 0:00:20]} 26. Nd4 {[%emt 0:06:17]} Re8 {
[%emt 0:02:22]} 27. Bg2 {[%emt 0:00:27]} Kh8 {[%emt 0:00:21]} 28. Nf3 {[%emt 0:
04:55]} Rf8 {[%emt 0:00:52]} 29. Ng5 {[%emt 0:01:33]} Qc8 {[%emt 0:01:06]} 30.
h4 {[%emt 0:00:37]} Qd8 {[%emt 0:00:57]} 31. Nf3 {[%emt 0:02:21]} Bc8 {[%emt 0:
00:33]} 32. g5 {[%emt 0:00:20]} Qc7 {[%emt 0:00:53]} 33. Nd4 {[%emt 0:00:18]}
Bd7 {[%emt 0:00:37]} 34. Bh3 {[%emt 0:01:22]} e5 {[%emt 0:00:25]} 35. fxe5 {
[%emt 0:00:12]} Rxf2 {[%emt 0:00:09]} 36. Kxf2 {[%emt 0:00:08]} Bxh3 {[%emt 0:
00:17]} 37. Qxh3 {[%emt 0:00:05]} Bxe5 {[%emt 0:00:19]} 38. Nxb5 {[%emt 0:01:
07]} Qb8 {[%emt 0:01:18]} 39. Qf3 {[%emt 0:01:55]} Bg7 {[%emt 0:00:32]} 40. Nd6
{[%emt 0:00:46]} d4 {[%emt 0:00:09]} 41. cxd4 {[%emt 0:23:51]} Bxd4+ {[%emt 0:
20:20]} 42. Ke2 {[%emt 0:00:20]} h5 {[%emt 0:10:17]} 43. Qe4 {[%emt 0:03:41]}
Bg7 {[%emt 0:02:19]} 44. Qe8+ {[%emt 0:01:18]} Qxe8+ {[%emt 0:00:05]} 45. Nxe8
{[%emt 0:00:04]} Be5 {[%emt 0:00:21]} 46. c6 {[%emt 0:00:08]} 1-0

[Event "FIDE Womens Grand Swiss 2021"]
[Site "Riga"]
[Date "2021.11.03"]
[Round "7.10"]
[White "Rogule, Laura"]
[Black "Stefanova, Antoaneta"]
[Result "0-1"]
[WhiteElo "2289"]
[BlackElo "2475"]
[Annotator "TA"]
[PlyCount "82"]
[EventDate "2021.10.27"]
[EventType "swiss"]
[EventCountry "LAT"]
[Tiebreak "Cut1 Buchholz+Sonneborn-Berger (Swiss)"]
[SourceTitle "playchess.com"]
[Source "ChessBase"]
[SourceQuality "1"]

{[%evp 9,82,37,52,52,52,62,66,33,37,27,34,-5,0,-17,0,-15,-23,-46,-21,-24,-39,
-27,-6,-6,-6,-8,0,0,0,0,23,4,15,-16,-21,-27,48,-260,-251,-330,-313,-307,-305,
-262,-241,-204,-200,-477,-431,-382,-374,-577,-543,-594,-469,-634,-604,-1082,
-1114,-1102,-1071,-878,-722,-29971,-10199,-29973,-29973,-29971,-1770,-29977,
-29978,-29977,-29975,-29976,-29975]} 1. e4 g6 2. d4 Bg7 3. Nf3 d6 4. Bc4 Nf6 5.
Qe2 d5 6. exd5 {B06: Modern Defence.} Nxd5 7. O-O Nc6 8. Bb5 {And now c4 would
win.White is slightly better.} (8. Rd1 {feels hotter.} O-O 9. h3 Na5 10. Bd3
Nb4 11. Be4) 8... O-O 9. Bxc6 bxc6 {[#]} 10. c3 $146 ({Predecessor:} 10. Ne5
Nb4 11. Qc4 c5 12. Qxc5 Qd6 13. Qc3 Be6 14. Nd2 Nd5 15. Qg3 c5 16. Ne4 {
1-0 (71) Anosov,S (2070)-Klobukov,A (2029) St Petersburg 2008}) 10... a5 11.
Re1 Re8 12. Ne5 f6 13. Nd3 e5 14. dxe5 Bf5 15. Rd1 Qc8 16. Nd2 Qa6 17. c4 Nb4
18. Nxb4 axb4 19. Nf3 b3 {Strongly threatening ...Qxa2!} 20. a3 Be6 (20... Bc2
$5 {[%cal Rc2d1]} 21. Rd7 Qc8 22. Rxg7+ (22. Qd2 fxe5 23. Rxg7+ Kxg7 $17) 22...
Kxg7 $11) 21. Rd4 fxe5 22. Rh4 {[#]} e4 (22... Bd5 $1 $11) 23. Ng5 $2 {[%mdl
8192] Loses the game.} ({Stronger than} 23. Qxe4 Rad8 $19) (23. Rxe4 $14 {
was forced to keep a grip.} Bd7 24. a4) 23... Qxc4 $19 ({But not} 23... Bxc4
24. Qe1 $17) 24. Qe1 h5 25. Rxe4 Bf7 26. f3 Rxe4 $40 {[%mdl 128] White is in
trouble.} 27. Nxe4 Qc2 28. Bg5 $2 (28. Qd2 {only move.}) 28... Qxb2 29. Rd1 Qe5
30. Qb4 (30. Bd2 $142 Re8 31. Bc3 Qxc3 32. Qxc3 Bxc3 33. Nxc3) 30... Bd5 31.
Be3 {If White can now play Bd4 this consolidates a bit.} Qb2 32. Qb7 Re8 33.
Rxd5 cxd5 34. Qxd5+ {[#]} Kh8 $1 35. Ng5 Rf8 36. Nf7+ {[#]} Rxf7 $1 {[%mdl 512]
} 37. Qxf7 Qc3 {[%cal Rc3e1]} 38. Kf2 Kh7 (38... Qc2+ $142 39. Kg3 b2 40. Qe8+
Kh7 41. Qe7 Qd3 42. Bc5 b1=Q 43. Qf7 Qe1+ 44. Bf2 Qd6+ 45. Kh3 Qxf2 46. Qc4
Qd7+ 47. Qg4 hxg4+ 48. fxg4 Qe2 49. Kh4 Qexg4#) 39. Qe7 b2 {Black mates.} 40.
Qe4 Qb3 41. Qb1 Qxa3 {Weighted Error Value: White=0.98/Black=0.36} 0-1

[Event "FIDE Womens Grand Swiss 2021"]
[Site "Riga"]
[Date "2021.11.03"]
[Round "7.11"]
[White "Shuvalova, Polina"]
[Black "Garifullina, Leya"]
[Result "1-0"]
[WhiteElo "2509"]
[BlackElo "2409"]
[Annotator "RC"]
[PlyCount "95"]
[EventDate "2021.10.27"]
[EventType "swiss"]
[EventCountry "LAT"]
[Tiebreak "Cut1 Buchholz+Sonneborn-Berger (Swiss)"]
[SourceTitle "playchess.com"]
[Source "ChessBase"]
[SourceQuality "1"]
[TimeControl "40/6000+30:20/3000+30:900+30"]

1. e4 {[%emt 0:10:06]} c5 {[%emt 0:10:09]} 2. Nf3 {[%emt 0:00:05]} d6 {[%emt 0:
00:05]} 3. d4 {[%emt 0:00:04]} cxd4 {[%emt 0:00:07]} 4. Nxd4 {[%emt 0:00:06]}
Nf6 {[%emt 0:00:07]} 5. Nc3 {[%emt 0:00:02]} a6 {[%emt 0:00:07]} 6. f4 {
[%emt 0:00:09]} e5 {[%emt 0:00:21]} 7. Nb3 {[%emt 0:00:07]} Be7 {[%emt 0:02:05]
} 8. fxe5 {[%emt 0:00:59]} dxe5 {[%emt 0:02:25]} 9. Qxd8+ {[%emt 0:00:04]} Bxd8
{[%emt 0:00:58]} 10. Be3 {[%emt 0:00:24]} Nc6 {[%emt 0:02:09]} 11. O-O-O {
[%emt 0:03:08]} Bg4 {[%emt 0:03:19]} 12. Rd2 {[%emt 0:02:12]} Be6 {[%emt 0:01:
59]} 13. h3 {[%emt 0:03:04]} Bxb3 {[%emt 0:04:51]} 14. axb3 {[%emt 0:06:10]}
Ba5 {[%emt 0:00:54]} 15. Bd3 {[%emt 0:03:59]} O-O {[%emt 0:02:35]} 16. g4 {
[%emt 0:06:37]} Rac8 {[%emt 0:03:34]} 17. g5 {[%emt 0:14:53]} Nh5 {[%emt 0:00:
41]} 18. Rf2 {[%emt 0:01:24]} Nb4 {[%emt 0:16:38]} 19. Be2 {[%emt 0:01:42]} Ng3
{[%emt 0:02:31]} 20. Rg1 {[%emt 0:00:11]} Nxe2+ {[%emt 0:02:41]} 21. Rxe2 {
[%emt 0:00:07]} f5 {[%emt 0:05:32]} 22. gxf6 {[%emt 0:14:10]} Rxf6 {[%emt 0:01:
26]} 23. Nd5 {[%emt 0:00:11]} Nxd5 {[%emt 0:00:28]} 24. exd5 {[%emt 0:00:03]}
b5 {[%emt 0:05:24]} 25. c3 {[%emt 0:02:37]} Bd8 {[%emt 0:13:13]} 26. Kc2 {
[%emt 0:09:48]} Rd6 {[%emt 0:02:38]} 27. Rd2 {[%emt 0:03:46]} a5 {[%emt 0:07:
45]} 28. Rg4 {[%emt 0:00:38]} h5 {[%emt 0:00:47]} 29. Re4 {[%emt 0:00:30]} Bf6
{[%emt 0:00:55]} 30. c4 {[%emt 0:03:47]} Rd7 {[%emt 0:03:00]} 31. Kd1 {[%emt 0:
02:35]} Be7 {[%emt 0:02:59]} 32. cxb5 {[%emt 0:01:29]} Rb8 {[%emt 0:00:59]} 33.
b6 {[%emt 0:04:02]} Bd8 {[%emt 0:00:55]} 34. b4 {[%emt 0:01:58]} a4 {[%emt 0:
01:44]} 35. Rxe5 {[%emt 0:00:29]} Bxb6 {[%emt 0:00:04]} 36. Bc5 {[%emt 0:00:17]
} h4 {[%emt 0:03:48]} 37. d6 {[%emt 0:02:06]} Bd8 {[%emt 0:00:09]} 38. Re8+ {
[%emt 0:01:46]} Kf7 {[%emt 0:00:05]} 39. Rde2 {[%emt 0:04:05]} Rb6 {[%emt 0:04:
13]} 40. Bxb6 {[%emt 0:02:31]} Rxd6+ {[%emt 0:00:07]} 41. Kc2 {[%emt 0:50:14]}
Bxb6 {[%emt 0:50:16]} 42. R8e4 {[%emt 0:02:22]} Rc6+ {[%emt 0:03:55]} 43. Kd3 {
[%emt 0:00:57]} g5 {[%emt 0:01:31]} 44. b5 {[%emt 0:00:24]} Rd6+ {[%emt 0:01:
09]} 45. Kc2 {[%emt 0:01:49]} Kf6 {[%emt 0:01:01]} 46. Rd2 {[%emt 0:01:08]} Re6
{[%emt 0:00:00]} 47. Rxe6+ {[%emt 0:00:00]} Kxe6 {[%emt 0:00:00]} 48. Rg2 {
[%emt 0:00:00]} 1-0

[Event "FIDE Womens Grand Swiss 2021"]
[Site "Riga"]
[Date "2021.11.03"]
[Round "7.12"]
[White "Melia, Salome"]
[Black "Saduakassova, Dinara"]
[Result "1/2-1/2"]
[WhiteElo "2371"]
[BlackElo "2491"]
[Annotator "TA"]
[PlyCount "46"]
[EventDate "2021.10.27"]
[EventType "swiss"]
[EventCountry "LAT"]
[Tiebreak "Cut1 Buchholz+Sonneborn-Berger (Swiss)"]
[SourceTitle "playchess.com"]
[Source "ChessBase"]
[SourceQuality "1"]

{[%evp 17,46,0,0,0,4,0,22,0,0,0,0,0,0,0,0,0,0,0,0,0,0,0,0,0,0,0,0,0,0,0,0]} 1.
e4 e5 2. Nf3 Nc6 3. Bc4 Bc5 4. c3 Nf6 5. d4 exd4 6. e5 d5 7. Bb5 Ne4 8. cxd4
Bb6 9. Nc3 O-O {The position is equal.} 10. Be3 {C54: Giuoco Piano: 4 c3 Nf6,
main lines with 5 d4 and 5 d3.} Bg4 11. h3 Bh5 12. O-O Nxd4 13. Bxd4 {[#]
Strongly threatening Be2.} Bxf3 14. gxf3 Qg5+ 15. Kh1 Qf5 16. fxe4 Qxh3+ 17.
Kg1 Bxd4 18. Qxd4 Qg4+ 19. Kh2 {[#]} Qh4+ $146 ({Predecessor:} 19... Qf4+) 20.
Kg2 Qg4+ 21. Kh2 Qh4+ 22. Kg2 Qg4+ 23. Kh2 Qh4+ {A rather calm draw.  Weighted
Error Value: White=0.02/Black=0.02} 1/2-1/2

[Event "FIDE Womens Grand Swiss 2021"]
[Site "Riga"]
[Date "2021.11.03"]
[Round "7.13"]
[White "Gunina, Valentina"]
[Black "Cori T., Deysi"]
[Result "0-1"]
[WhiteElo "2462"]
[BlackElo "2382"]
[Annotator "TA"]
[PlyCount "110"]
[EventDate "2021.10.27"]
[EventType "swiss"]
[EventCountry "LAT"]
[Tiebreak "Cut1 Buchholz+Sonneborn-Berger (Swiss)"]
[SourceTitle "playchess.com"]
[Source "ChessBase"]
[SourceQuality "1"]

{[%evp 14,110,53,41,46,29,70,61,60,65,67,38,66,0,8,-25,14,-109,-95,-95,-77,
-150,-104,-201,-181,-410,-409,-422,-408,-417,-389,-410,-410,-383,-342,-422,
-413,-419,-316,-300,-130,-145,-87,-274,-206,-222,-203,-210,-127,-179,-77,-76,
-73,-78,-54,-118,-80,-110,-8,-92,-49,-267,-64,-316,0,0,170,0,0,0,0,-43,-45,
-120,-120,-127,-85,-99,-120,-104,0,0,0,0,0,-894,-894,-682,-445,-29961,-29965,
-29941,-5106,-29971,-29972,-29985,-29986,-29985,-1160]} 1. d4 Nf6 2. c4 g6 3.
Nc3 Bg7 4. e4 d6 5. Be2 O-O 6. Be3 e5 {6...Na6 is the hot move.} 7. d5 Na6 8.
h4 Nc5 {E73: King's Indian: Averbakh Variation without 6...c5.} 9. Bf3 Bd7 10.
b4 Na6 {[#] White is slightly better.} 11. a3 $146 ({Predecessor:} 11. Rb1 b6
12. h5 Qe7 13. Qe2 Nb8 14. Nh3 a5 15. b5 Bc8 16. Kd2 Nbd7 17. g4 {1-0 (32)
Wade,R-Beach,T Aberystwyth 1955}) 11... h5 12. Rc1 Bg4 13. c5 (13. Be2 $14)
13... dxc5 $11 14. bxc5 Qe7 15. Nce2 (15. Na4 $1 $11) 15... b6 $17 16. c6 Qxa3
17. Bxg4 (17. Ra1 $142 Qb4+ {[%mdl 64] Double Attack} 18. Bd2) 17... hxg4 18.
Ra1 (18. Nc3 $17 {was called for.}) 18... Qb4+ $19 {[%mdl 64] Double Attack}
19. Bd2 $2 (19. Kf1) 19... Qxe4 {[%mdl 64] Double Attack} 20. f3 Qc4 21. Ra4
Qd3 22. Nc1 Qxd5 (22... Qb5 23. h5 $19) 23. Rxa6 Rfd8 {aiming for ...e4.} 24.
Ra3 e4 25. Qc2 exf3 26. gxf3 Nh5 (26... Rd6 $19 {Threatens to win with ...Re8+.
} 27. Rd3 Qf5) 27. Rd3 $17 Qe5+ (27... Re8+ $142 28. Nge2 Qf5) 28. Kd1 $2 (28.
Nge2 $17 {only move.}) 28... Ng3 29. Rh2 Nf1 30. Rg2 Nxd2 31. Rgxd2 Rxd3 (31...
Re8 $19 {[%csl Ge8][%cal Re5e1]} 32. Re2 Qf6) 32. Rxd3 Qg3 33. Nce2 Qxh4 34.
Qc4 ({Better is} 34. Qa4 $15) 34... Qf6 35. fxg4 Re8 ({Black should try} 35...
a5 $1 $17 {And now ...a4 would win.} 36. g5 Qxg5) 36. Rd7 (36. Nf3 $1 $11)
36... Bh6 37. Nc3 $2 (37. Nd4 $15) 37... Re6 $2 (37... Qf2 38. Nge2 $11) (37...
b5 $1 $19 {[%cal Rb5c4]} 38. Qd5 Re3) 38. Rxc7 $2 {[%mdl 8192]} (38. Nge2 $1
$15) 38... Qg5 $2 (38... b5 $1 $19 {( -> ...Rd6+)} 39. Qd3 (39. Rc8+ $2 Kh7 $19
) 39... b4) 39. Kc2 $11 b5 $2 {[#]} (39... Qc1+ $11 {and Black has nothing to
worry.} 40. Kb3 b5) 40. Rc8+ $2 ({Not} 40. Qxb5 Qc1+ 41. Kb3 Qxg1 $11) (40. Qf1
$1 $18 {[%cal Rf1f7]} Rf6 41. Qe1 (41. Qxb5 Qc1+ 42. Kb3 Qxg1 $11)) 40... Kh7
$1 41. Qf1 ({Wrong is} 41. Qd4 $2 Qc1+ 42. Kb3 Bg7 $19) 41... Rf6 $40 {[%mdl
128] Black is up to no good.} 42. Qxb5 Qxg4 {[%mdl 64] Double Attack} 43. Re8 (
{White should play} 43. Qb8 $15 Rf2+ 44. Nge2 Rxe2+ 45. Nxe2 Qxe2+ 46. Kb3 Qd3+
47. Kb2) 43... Qxg1 $17 44. Qb8 {Intending Rh8+ and mate.} Qf2+ ({But not} 
44... Rxc6 $6 45. Rh8+ Kg7 46. Qf8+ Kf6 47. Qd8+ Kg7 48. Qf8+ Kf6 49. Qd8+ Kg7
50. Qf8+ $11) (44... Qc1+ $6 45. Kb3 $11) 45. Kb3 {Threatening mate with Rh8+.}
Bg7 46. Re2 {[#]} Qf3 (46... Qf5 $1 $17 47. Qe8 Qh3) 47. Rh2+ $11 Bh6 48. c7 {
Strongly threatening Rxh6+!} Rc6 49. Rc2 {[%mdl 8192]} (49. Rxh6+ $11 Kxh6 50.
Qh8+ Kg5 51. c8=Q Rxc8 52. Qxc8) 49... Qd3 $19 50. Kb2 Qc4 {Hoping for ...Rb6+.
} 51. Qxa7 (51. Qb3 $19 Qxb3+ 52. Kxb3 Rxc7 53. Re2) 51... Rxc7 52. Qb8 Rc8 (
52... Qc6 $142 53. Qb3 Rb7 54. Rh2 Kg7 55. Re2 Rxb3+ 56. Kxb3 g5 57. Re4 f5 58.
Rc4 Qe6 59. Nb5 g4 60. Nc7 Qb6+ 61. Ka4 g3 62. Rc2 Qd4+ 63. Kb3 Qe4 64. Kc3
Qc6+ 65. Kb3 Qb7+ 66. Ka3 Qb1 67. Ne6+ Kf6 68. Rc6 g2 69. Nc5+ Kf7 70. Rc7+ Kg6
71. Rb7 Qa1+ 72. Kb4 g1=Q 73. Rb6+ Kh5 74. Rd6 Qe5 75. Nb3 Qxd6+ 76. Kc4 Qb1
77. Nc5 Bg7 78. Nb3 Qf1#) 53. Qb7 Bg7 {Black mates.} 54. Kb1 Bxc3 55. Rf2 Qb4+
{Weighted Error Value: White=0.76/Black=0.60} (55... Bg7 $142 56. Qxc8 Qxc8 57.
Rh2+ Kg8 58. Rf2 Qc5 59. Rd2 Qc3 60. Rd8+ Kh7 61. Rb8 Qe5 62. Rb4 Qa1+ 63. Kc2
Qc3+ {[%mdl 64] Double Attack} 64. Kd1 Qxb4 65. Kc2 Qd4 66. Kc1 Qb2+ 67. Kd1
Qg2 68. Ke1 Bc3+ 69. Kd1 Qd2#) 0-1

[Event "FIDE Womens Grand Swiss 2021"]
[Site "Riga"]
[Date "2021.11.03"]
[Round "7.14"]
[White "Sukandar, Irine Kharisma"]
[Black "Cramling, Pia"]
[Result "0-1"]
[WhiteElo "2406"]
[BlackElo "2447"]
[Annotator "TA"]
[PlyCount "56"]
[EventDate "2021.10.27"]
[EventType "swiss"]
[EventCountry "LAT"]
[Tiebreak "Cut1 Buchholz+Sonneborn-Berger (Swiss)"]
[SourceTitle "playchess.com"]
[Source "ChessBase"]
[SourceQuality "1"]

{[%evp 18,56,0,-75,-62,-80,-70,-58,-62,-78,-61,-70,-58,-45,-50,-81,-85,-104,
-75,-120,-108,-164,-166,-192,-197,-218,-218,-205,-205,-216,-206,-473,-490,-474,
-468,-484,-487,-480,-484,-479,-469]} 1. e4 c5 2. Nf3 Nc6 3. Bb5 g6 4. O-O Bg7
5. c3 Nf6 6. Re1 O-O 7. d4 d5 8. exd5 Qxd5 9. c4 Qd6 10. d5 (10. Bxc6 $11 {
remains equal.} bxc6 11. Nc3) 10... Nd4 $17 {B31: Sicilian: 2...Nc6 3 Bb5 g6.}
11. Nxd4 cxd4 12. Nd2 a6 {Black is slightly better.} 13. Ba4 b5 14. cxb5 Nxd5
15. Ne4 Qb6 $36 {[%mdl 2048] White is under pressure.} 16. bxa6 Bxa6 17. Bb3
Rad8 {[%cal Ba8d8,Bd8d5,Bd5e5][%mdl 32]} 18. Bg5 {[#]} h6 $146 ({Predecessor:} 
18... d3 19. Qd2 Qd4 20. Bxd5 Rxd5 21. Bxe7 Rb8 22. Nc3 Rf5 23. Re4 Qd7 24.
Rae1 Bd4 {1-0 (34) Schirmbeck,H (2149)-Bujnoch,R (2233) Czech Republic 2009})
19. Bxd5 (19. Bd2 $17) 19... Rxd5 $19 ({Much less strong is} 19... hxg5 20. Bb3
$15) 20. Bxe7 Re8 21. Bh4 {[#] Nf6+! is the strong threat.} Rde5 22. f3 d3+ ({
Don't do} 22... Qxb2 23. Rb1 $17) 23. Bf2 Qxb2 24. Qb3 $2 {[#]} (24. Rb1 {
was forced.} Qxa2 25. Ra1) 24... Rxe4 $1 {[%mdl 512] Black is clearly winning.}
25. fxe4 d2 26. Red1 Qxb3 27. axb3 Bxa1 28. Rxd2 {intending Ra2.} Bg7 {
Weighted Error Value: White=0.33/Black=0.03} 0-1

[Event "FIDE Womens Grand Swiss 2021"]
[Site "Riga"]
[Date "2021.11.03"]
[Round "7.15"]
[White "Socko, Monika"]
[Black "Vaishali R"]
[Result "1/2-1/2"]
[WhiteElo "2397"]
[BlackElo "2419"]
[Annotator "TA"]
[PlyCount "129"]
[EventDate "2021.10.27"]
[EventType "swiss"]
[EventCountry "LAT"]
[Tiebreak "Cut1 Buchholz+Sonneborn-Berger (Swiss)"]
[SourceTitle "playchess.com"]
[Source "ChessBase"]
[SourceQuality "1"]

{[%evp 9,129,8,8,0,0,0,0,0,0,0,0,-10,-16,-17,-16,-119,-111,-67,-59,-114,-112,
-125,-120,-119,-118,-117,-119,-112,-112,-115,-113,-126,-116,-120,-121,-127,-95,
-91,-85,-265,-77,-82,-80,-79,-20,-110,-86,-139,-156,-262,-262,-240,-81,-80,-80,
-80,-80,-80,-80,-81,-81,-81,-79,-81,-80,-80,-80,-80,-80,-80,0,0,0,-80,-80,-145,
-105,-125,-68,-87,-56,-123,-8,-20,0,-5,0,0,0,-8,-8,-8,-8,-12,0,0,0,-3,0,0,0,0,
0,0,0,0,0,0,0,0,0,0,0,0,0,0,0,0,0,0,0,0]} 1. d4 Nf6 2. Bg5 d5 3. Bxf6 gxf6 4.
e3 c5 5. dxc5 Nc6 6. Nd2 {D00: 1 d4 d5: Unusual lines.} e5 7. Nb3 Bxc5 {
[%mdl 64] Decoy} 8. Nxc5 Qa5+ {[%mdl 64] Double Attack} 9. c3 Qxc5 10. Nf3 Rg8
{[#]} 11. Qc2 $146 ({Predecessor:} 11. g3 Bg4 12. Be2 O-O-O 13. O-O Kb8 14. a4
f5 15. a5 d4 16. cxd4 exd4 17. Qb3 {0-1 (40) Martinovic,S (2542)-Heimann,A 
(2551) Zillertal 2015}) 11... Be6 12. Qxh7 (12. Rc1 $11) 12... O-O-O $1 $17 13.
Qc2 d4 14. exd4 (14. Qd2 $15) 14... exd4 15. O-O-O dxc3 16. Rxd8+ Rxd8 17. Qxc3
Qxf2 18. Bb5 Rd5 $1 {[%cal Rd5c5]} (18... Bxa2 $6 19. Bxc6 bxc6 20. Qxc6+ Kb8
21. Qb5+ Ka8 22. Qc6+ Kb8 23. Qb5+ Ka8 24. Qc6+ Kb8 $11) 19. Rf1 Qb6 20. Bc4
Rc5 21. b3 Na5 22. Nd2 Qc6 {[%cal Ra5c4]} 23. Rxf6 {[#]} b5 $1 $36 {[%mdl 2048]
Black is really pushing.} 24. Rh6 $2 (24. Ne4 bxc4) 24... Nxc4 $2 ({Less
strong is} 24... bxc4 25. b4 $17) (24... Qb6 $19 {and Black stays clearly on
top.} 25. a4 (25. Rh8+ $2 Kb7 $19) 25... Nxb3+ $1 {[%mdl 512]} 26. Qxb3 Bxc4 {
[%mdl 64] Discovered Attack} 27. Rxb6 Bxb3+ {[%mdl 64] Discovered Attack} 28.
Kb2 axb6 29. Nxb3 Rh5 30. axb5 Rxh2) 25. bxc4 Qxg2 {[%cal Re6c4]} 26. Rh8+ Kb7
(26... Kc7 $1 $17 {[%cal Rb5c4]} 27. Qa3 Qg1+ 28. Kc2 Kb7) 27. Qd4 (27. Nb3 $1
$11 Rf5 28. Nd2) 27... Rc7 {[%cal Re6c4]} 28. c5 (28. Rh5 $142) 28... Qg5 29.
h4 (29. Kb2 $17) 29... Rxc5+ $19 ({Resist} 29... Qxc5+ 30. Qxc5 Rxc5+ 31. Kb2
$19) 30. Kb2 Rd5 31. hxg5 $17 Rxd4 {[%mdl 4096] Endgame KRB-KRN} 32. Nb3 Rd5
33. Rg8 Bf5 34. Kc3 Bg6 35. Kb4 Rxg5 36. Nc5+ Kc7 37. Ra8 Kd6 38. Rd8+ Kc6 39.
Rc8+ Kb6 ({Better is} 39... Kd5 $1 $17 40. Rd8+ Ke5 41. Nd7+ Ke4 42. Nc5+ Ke5
43. Nd7+ Ke6 44. Nc5+ Ke5) 40. Rb8+ $11 Kc6 (40... Kc7 $11 41. Rxb5 Rg4+ 42.
Kc3 Kc6) 41. Rc8+ $17 Kd5 $1 42. Kxb5 {[#]} ({White should play} 42. Rd8+ Kc6
43. Rc8+) 42... Kd4 $1 {And now ...Bd3+ would win.} 43. Kb4 Rg2 ({Black should
try} 43... Rg4 $17 {...f5 is the strong threat.} 44. Rc7 f5) 44. a4 f5 {
White must now prevent ...Rg4.} 45. Rc7 {[#]} (45. Nb3+ $15 Ke3 46. Rc3+ Ke4
47. Rc4+ Kf3 48. Rc7) 45... Rb2+ (45... Rg4 $1 $17 46. Rd7+ Ke3+ 47. Kc3 f4 48.
Re7+ Kf2 49. Rxa7 f3) 46. Nb3+ $11 {The position is equal.} Kd3 {Strongly
threatening ...f4.} (46... Ke5 {is more complex.} 47. Rxa7 f4 48. Ra5+ Ke4 49.
Kc3 Ra2) 47. Rd7+ (47. Rxa7 {looks sharper.} Be8 48. Rc7 f4 49. Ka3 Rb1 50.
Nc1+) 47... Ke3 {Hoping for ...f4.} 48. Re7+ Kf2 49. Kc3 Ra2 50. Rxa7 f4 51.
Nd4 Be4 52. Re7 Bg2 (52... Bg6 {seems wilder.} 53. Kb4 Rd2 54. Kc5 Ra2 55. Kb4)
53. Ra7 (53. Rf7 {with more complications.} f3 54. Kb3 Rd2 55. Kc4 Rd1 56. a5)
53... Ra3+ 54. Kb4 Rd3 55. Kc4 Bf1 56. Rf7 Ke3 57. Re7+ Kd2 {aiming for ...
Re3+.} 58. Kc5 Rc3+ 59. Kb6 Rc4 60. Nf3+ Kc3 61. Rc7 Bg2 62. Nh4 {Threatens to
win with Rxc4+.} Be4 63. a5 Rxc7 64. Kxc7 Kd4 65. Kd6 {Whites escaped into a
draw.  Weighted Error Value: White=0.14/Black=0.16} 1/2-1/2

[Event "FIDE Womens Grand Swiss 2021"]
[Site "Riga"]
[Date "2021.11.03"]
[Round "7.16"]
[White "Bivol, Alina"]
[Black "Girya, Olga"]
[Result "1/2-1/2"]
[WhiteElo "2392"]
[BlackElo "2410"]
[Annotator "TA"]
[PlyCount "76"]
[EventDate "2021.10.27"]
[EventType "swiss"]
[EventCountry "LAT"]
[Tiebreak "Cut1 Buchholz+Sonneborn-Berger (Swiss)"]
[SourceTitle "playchess.com"]
[Source "ChessBase"]
[SourceQuality "1"]

{[%evp 18,76,37,14,14,11,21,0,14,7,0,4,14,0,8,0,0,0,25,27,29,33,28,19,35,18,16,
20,35,38,46,0,0,0,5,-13,0,0,0,0,0,0,0,0,0,0,0,0,0,0,0,-4,-6,-6,-6,-6,0,0,0,-6,
-6]} 1. e4 e5 2. Nf3 Nc6 3. Bb5 a6 4. Ba4 Nf6 5. O-O Nxe4 6. d4 b5 7. Bb3 d5 8.
dxe5 Be6 9. Qe2 Nc5 10. Rd1 Nxb3 {C81: Open Ruy Lopez: Keres Variation (9 Qe2).
} 11. cxb3 Be7 12. Nc3 O-O 13. Be3 Qd7 14. Rd2 Rad8 15. Rad1 Qc8 {[#]} 16. Rc1
$146 ({Predecessor:} 16. a3 d4 17. Nxd4 Nxd4 18. Rxd4 Bxb3 19. Rxd8 Rxd8 20.
Rd2 c5 21. Ne4 Rxd2 22. Bxd2 {0-1 (39) Bivol,A (2392)-Girya,O (2410) Ufa 2021})
16... Qb7 17. Qd1 d4 18. Nxd4 Nxd4 19. Rxd4 c5 20. Rxd8 Rxd8 21. Qf3 Qxf3 22.
gxf3 c4 23. bxc4 Bxc4 24. a3 f6 {The position is equal.} 25. f4 Kf7 26. Re1 h5
27. Ne4 h4 28. h3 Be6 29. Kh2 Rd3 30. Rc1 Bd5 31. Nc5 Bxc5 32. Rxc5 $11 {
[%mdl 4096] Endgame KRB-KRB} Ke6 33. exf6 gxf6 34. Rc3 Rxc3 35. bxc3 Bf3 36.
Bb6 Kd5 37. Bd8 Ke6 38. Kg1 Kf5 {Weighted Error Value: White=0.04/Black=0.03}
1/2-1/2